[Event "Team Russia"]
[Site "Petergof"]
[Date "2015.08.04"]
[Round "4.53"]
[White "Zaozerskih, Sergey"]
[Black "Shuster, Andrei"]
[Result "0-1"]
[WhiteElo "1902"]
[BlackElo "2075"]
[PlyCount "118"]
[EventDate "2015.08.??"]
[EventType "team-swiss"]

1. e4 e6 2. d4 d5 3. Nd2 c5 4. dxc5 Nf6 5. exd5 Qxd5 6. Ngf3 Qxc5 7. Nb3 Qc7 8.
Bb5+ Bd7 9. Bxd7+ Nbxd7 10. O-O Be7 11. h3 O-O 12. Be3 Rfd8 13. Qe2 a6 14. a4
Rac8 15. c3 Nd5 16. Nbd4 Nxe3 17. Qxe3 Nf8 18. Rfe1 Bf6 19. Qe4 h6 20. Rad1 Qb6
21. Qe2 Qa5 22. Ra1 Ng6 23. Qe4 Qb6 24. Rab1 Ne7 25. Ne5 Bxe5 26. Qxe5 Nc6 27.
Nxc6 Qxc6 28. Qe4 Rd5 29. Qc2 Rg5 30. Qe4 Rd5 31. Qc2 Rcd8 32. Rbd1 R8d6 33.
Rxd5 Qxd5 34. Qe4 Qb3 35. Qb4 Qxb4 36. cxb4 Rd4 37. b5 axb5 38. axb5 Rb4 39.
Re2 Rxb5 40. Kh2 Rb3 41. f3 Kf8 42. Kg3 Rb4 43. Kf2 Ke7 44. Rd2 Rc4 45. Ke3 b5
46. g3 Rc5 47. Rd4 Re5+ 48. Kf2 Rh5 49. h4 Re5 50. b4 Rh5 51. f4 g5 52. hxg5
hxg5 53. g4 Rh6 54. fxg5 Rg6 55. Kg3 Rxg5 56. Kf3 Rd5 57. Re4 Kf6 58. Rf4+ Kg6
59. Re4 Kg5 0-1

[Event "Team Russia"]
[Site "Petergof"]
[Date "2015.08.04"]
[Round "4.54"]
[White "Shugalei, Mikhail"]
[Black "Bregman, Ilya"]
[Result "1/2-1/2"]
[WhiteElo "1692"]
[BlackElo "1695"]
[PlyCount "99"]
[EventDate "2015.08.??"]
[EventType "team-swiss"]

1. e4 e6 2. c4 d5 3. exd5 exd5 4. cxd5 Nf6 5. Nc3 Nxd5 6. Bc4 Nxc3 7. bxc3 Nc6
8. d4 Bd6 9. Qe2+ Qe7 10. Bg5 Qxe2+ 11. Nxe2 O-O 12. O-O h6 13. Bf4 Bxf4 14.
Nxf4 Bf5 15. Nd5 Be6 16. Ne3 Bxc4 17. Nxc4 b5 18. Ne3 Rfd8 19. Rfb1 a6 20. a4
b4 21. d5 Ne7 22. Rxb4 Nxd5 23. Nxd5 Rxd5 24. Rc4 c5 25. Rb1 Rc8 26. g3 Rc6 27.
Rb8+ Kh7 28. Rb7 Kg6 29. h4 f5 30. a5 Kf6 31. Kg2 g5 32. Rh7 Kg6 33. Rh8 Kg7
34. Rb8 gxh4 35. Rb7+ Kg6 36. Rxh4 c4 37. Rb6 Rxb6 38. axb6 Rb5 39. Rxc4 Rxb6
40. Rc5 Rb3 41. c4 Rc3 42. Rc6+ Kg7 43. Rc7+ Kf6 44. c5 a5 45. c6 a4 46. Ra7
Rxc6 47. Rxa4 Kg5 48. Kh3 Re6 49. f4+ Kg6 50. Ra8 1/2-1/2

[Event "Team Russia"]
[Site "Petergof"]
[Date "2015.08.04"]
[Round "4.56"]
[White "Zavgorodniaya, Alena"]
[Black "Parsegyan, Kseniya"]
[Result "1-0"]
[WhiteElo "1988"]
[BlackElo "1549"]
[PlyCount "43"]
[EventDate "2015.08.??"]
[EventType "team-swiss"]

1. e4 c5 2. Nf3 e6 3. c3 Nf6 4. e5 Nd5 5. d4 cxd4 6. cxd4 a6 7. Nc3 Nxc3 8.
bxc3 d6 9. Bd3 Nc6 10. Bf4 b5 11. Qe2 d5 12. Ng5 b4 13. Nxh7 Be7 14. Qh5 g6 15.
Qh6 Bf8 16. Qh3 Bg7 17. Bg5 Qa5 18. Bf6 Rg8 19. Bxg7 Rxg7 20. Nf6+ Ke7 21. Qh8
b3 22. Qe8# 1-0

[Event "Team Russia"]
[Site "Petergof"]
[Date "2015.08.05"]
[Round "5.1"]
[White "Oparin, Grigoriy"]
[Black "Kukhmazov, Arsen"]
[Result "1/2-1/2"]
[WhiteElo "2564"]
[BlackElo "2426"]
[PlyCount "80"]
[EventDate "2015.08.??"]
[EventType "team-swiss"]
[WhiteClock "0:21:06"]
[BlackClock "0:13:10"]

1. d4 d5 2. c4 c6 3. Nc3 Nf6 4. Nf3 e6 5. e3 Nbd7 6. Bd3 dxc4 7. Bxc4 b5 8. Be2
Bb7 9. O-O Be7 10. e4 b4 11. e5 bxc3 12. exf6 Nxf6 13. bxc3 O-O 14. Rb1 Qc7 15.
Bf4 Qxf4 16. Rxb7 Bd6 17. g3 Qf5 18. Bd3 Qa5 19. Nd2 Rfb8 20. Nc4 Qd8 21. Qb3
Nd5 22. Rb1 Nb6 23. Na5 Rxb7 24. Nxb7 Qc7 25. Nxd6 Qxd6 26. a4 Rb8 27. Be4 g6
28. Qc2 c5 29. a5 Nd7 30. Rxb8+ Nxb8 31. Qa4 cxd4 32. cxd4 Na6 33. Qb5 Nb4 34.
Qc4 Kg7 35. h4 h5 36. Bf3 Kf6 37. Qc3 Nd5 38. Qc1 Kg7 39. Qc4 Kf6 40. Qc1 Kg7
1/2-1/2

[Event "Team Russia"]
[Site "Petergof"]
[Date "2015.08.05"]
[Round "5.2"]
[White "Afanasiev, Nikita"]
[Black "Zakhartsov, Vladimir"]
[Result "1/2-1/2"]
[WhiteElo "2281"]
[BlackElo "2453"]
[PlyCount "102"]
[EventDate "2015.08.??"]
[EventType "team-swiss"]
[WhiteClock "0:01:56"]
[BlackClock "0:43:47"]

1. e4 c5 2. g3 g6 3. Bg2 Bg7 4. d3 Nc6 5. f4 e6 6. Nf3 Nge7 7. O-O O-O 8. Kh1
d6 9. Nbd2 Rb8 10. a4 a6 11. Nc4 b5 12. axb5 axb5 13. Ne3 Bd7 14. c3 b4 15. d4
bxc3 16. bxc3 Na5 17. Ra3 Bb5 18. Rf2 Nc4 19. Nxc4 Bxc4 20. dxc5 dxc5 21. Rd2
Qb6 22. Rb2 Qc7 23. Rxb8 Rxb8 24. Nd2 Qd7 25. Qg1 Qb5 26. h3 Rd8 27. Kh2 Bd3
28. Rb3 Qa5 29. Ra3 Qc7 30. Nb3 c4 31. Nc5 Nc6 32. e5 h5 33. Na6 Qd7 34. Qb6
Ne7 35. Nc5 Qe8 36. Nb7 Rb8 37. Qc7 h4 38. g4 g5 39. Nd6 Qf8 40. Ra7 gxf4 41.
Qxe7 Qxe7 42. Rxe7 f3 43. Nxf7 Rb1 44. Ba3 Ra1 45. Bd6 fxg2 46. Kxg2 Be4+ 47.
Kf2 Ra2+ 48. Kg1 Ra1+ 49. Kf2 Ra2+ 50. Ke3 Bg6 51. Nd8 Bh6+ {Ke4} 1/2-1/2

[Event "Team Russia"]
[Site "Petergof"]
[Date "2015.08.05"]
[Round "5.3"]
[White "Vavulin, Maksim"]
[Black "Maksimov, Dmitri"]
[Result "1-0"]
[WhiteElo "2435"]
[BlackElo "2307"]
[PlyCount "89"]
[EventDate "2015.08.??"]
[EventType "team-swiss"]
[WhiteClock "0:07:57"]
[BlackClock "0:02:17"]

1. e4 c5 2. Nf3 Nc6 3. Nc3 e5 4. Bc4 Be7 5. d3 Nf6 6. O-O O-O 7. Bg5 d6 8. Bxf6
Bxf6 9. Nd5 g6 10. a3 Bg7 11. b4 Kh8 12. c3 b6 13. Rb1 f5 14. Qd2 f4 15. h3 g5
16. Nh2 Ne7 17. Qa2 Ng6 18. a4 h5 19. f3 Nh4 20. a5 g4 21. fxg4 hxg4 22. hxg4
Bd7 23. bxc5 bxc5 24. Qf2 Bh6 25. Rb7 Bg5 26. a6 Bc6 27. Nc7 Bxb7 28. Ne6 Qe7
29. axb7 Rab8 30. Nf3 Nxf3+ 31. Qxf3 Rg8 32. Qh3+ Qh7 33. Bd5 Rg6 34. Qxh7+
Kxh7 35. Rb1 Bh4 36. Nc7 Rxg4 37. Na6 f3 38. Rb2 f2+ 39. Kf1 Rf8 40. b8=Q Rxg2
41. Rb7+ Kg6 42. Qxd6+ Kh5 43. Rh7+ Kg4 44. Rg7+ Bg5 45. Rxg5+ 1-0

[Event "Team Russia"]
[Site "Petergof"]
[Date "2015.08.05"]
[Round "5.4"]
[White "Zakariadze, Irina"]
[Black "Kisteneva, Liza"]
[Result "1/2-1/2"]
[WhiteElo "1822"]
[BlackElo "2069"]
[PlyCount "79"]
[EventDate "2015.08.??"]
[EventType "team-swiss"]
[WhiteClock "0:02:01"]
[BlackClock "0:02:29"]

1. d4 d5 2. Bg5 Nd7 3. e3 Ngf6 4. Nd2 e6 5. Ngf3 Be7 6. Bd3 c5 7. c3 Qc7 8. O-O
O-O 9. Re1 Re8 10. e4 dxe4 11. Nxe4 cxd4 12. Bxf6 Nxf6 13. Nxd4 a6 14. Qf3 Nxe4
15. Bxe4 g6 16. Rad1 Rb8 17. Qe2 Bf6 18. Qe3 Bg7 19. Nb3 Kh8 20. Qc5 Be5 21.
Qxc7 Bxc7 22. Nc5 Re7 23. Bf3 f5 24. g3 Kg7 25. Nd3 e5 26. Nf4 e4 27. Nd5 Rf7
28. Nxc7 Rxc7 29. Bg2 Be6 30. f3 Bxa2 31. fxe4 fxe4 32. Rxe4 b5 33. Ra1 Bd5 34.
Rd4 Bxg2 35. Kxg2 Re8 36. Rd2 Re6 37. Rad1 Kh6 38. Rf1 Rce7 39. Rff2 g5 40. g4
1/2-1/2

[Event "Team Russia"]
[Site "Petergof"]
[Date "2015.08.05"]
[Round "5.5"]
[White "Tarasov, Alexandr"]
[Black "Zenzera, Alexey"]
[Result "0-1"]
[WhiteElo "2305"]
[BlackElo "2446"]
[PlyCount "78"]
[EventDate "2015.08.??"]
[EventType "team-swiss"]
[WhiteClock "0:01:21"]
[BlackClock "0:07:09"]

1. Nf3 Nf6 2. c4 b6 3. g3 Bb7 4. Bg2 e6 5. O-O Be7 6. d4 O-O 7. Nc3 Ne4 8. Bd2
d5 9. cxd5 exd5 10. Rc1 Nd7 11. Bf4 c5 12. dxc5 Nxc3 13. Rxc3 bxc5 14. Ne5 Nb6
15. Rc2 Rc8 16. b3 Re8 17. Qc1 Ba6 18. Rd1 Bf6 19. Nd3 c4 20. Nb4 cxb3 21. axb3
Rxc2 22. Qxc2 Bxe2 23. Re1 Bb5 24. Rxe8+ Qxe8 25. Bd2 Qd7 26. h3 h6 27. Bf4 a5
28. Nd3 d4 29. Bd2 a4 30. Ba5 axb3 31. Qxb3 Nc4 32. Be1 Nd6 33. Nc5 Qe8 34. Bd2
Bc6 35. Bf1 Ne4 36. Bb4 Nxc5 37. Bxc5 Qe4 38. f4 Qh1+ 39. Kf2 Be4 0-1

[Event "Team Russia"]
[Site "Petergof"]
[Date "2015.08.05"]
[Round "5.6"]
[White "Timerkhanov, Alexander"]
[Black "Payanidi, Janis"]
[Result "1-0"]
[WhiteElo "2302"]
[BlackElo "2238"]
[PlyCount "87"]
[EventDate "2015.08.??"]
[EventType "team-swiss"]
[WhiteClock "0:21:14"]
[BlackClock "0:12:37"]

1. d4 Nf6 2. Bg5 g6 3. Bxf6 exf6 4. e3 f5 5. g3 Bg7 6. Bg2 O-O 7. Ne2 d6 8. O-O
h5 9. h4 Nd7 10. c4 Nf6 11. Nbc3 Re8 12. Qd3 c6 13. b4 Qe7 14. Rab1 Ne4 15. Nf4
Be6 16. Rfc1 Rad8 17. Nxe4 fxe4 18. Qxe4 d5 19. cxd5 cxd5 20. Qc2 Bf5 21. Nd3
g5 22. hxg5 Qxg5 23. Qd1 h4 24. gxh4 Qxh4 25. Rc7 Re6 26. Nf4 Re4 27. Rbc1 Bxd4
28. Bxe4 Bxe4 29. Qh5 Qxh5 30. Nxh5 Bb2 31. Re1 Bf3 32. Ng3 a6 33. Rc2 Be5 34.
Rec1 Rd6 35. Rc8+ Kh7 36. Re8 Bf6 37. Rc7 Bg7 38. Rxf7 Bg4 39. Nf5 Bxf5 40.
Rxf5 d4 41. exd4 Rxd4 42. Re7 Kg6 43. Rf3 Rd1+ 44. Kg2 1-0

[Event "Team Russia"]
[Site "Petergof"]
[Date "2015.08.05"]
[Round "5.7"]
[White "Kovalev, Egor"]
[Black "Askerov, Marat"]
[Result "0-1"]
[WhiteElo "2186"]
[BlackElo "2194"]
[PlyCount "72"]
[EventDate "2015.08.??"]
[EventType "team-swiss"]
[WhiteClock "0:22:47"]
[BlackClock "0:22:59"]

1. e4 e6 2. d3 d5 3. Nd2 c5 4. Ngf3 Nc6 5. g3 Nf6 6. Bg2 g6 7. O-O Bg7 8. exd5
Nxd5 9. Ne4 b6 10. Bg5 f6 11. Bd2 O-O 12. Qc1 Bb7 13. Bh6 e5 14. Bxg7 Kxg7 15.
c3 Qd7 16. Rd1 Rad8 17. Qc2 Nde7 18. a3 f5 19. Neg5 h6 20. Nh3 g5 21. d4 cxd4
22. cxd4 exd4 23. Ne1 f4 24. Kh1 Ne5 25. gxf4 gxf4 26. Ng1 f3 27. Bh3 Qd6 28.
Rd2 Rf4 29. Rc1 Nd5 30. Nd3 Nxd3 31. Rxd3 Rh4 32. Qc4 Rc8 33. Qxc8 Bxc8 34.
Rxc8 Nf4 35. Rxf3 Nxh3 36. Nxh3 Qd7 0-1

[Event "Team Russia"]
[Site "Petergof"]
[Date "2015.08.05"]
[Round "5.8"]
[White "Styazhkina, Anna"]
[Black "Milovanova, Maria"]
[Result "1-0"]
[WhiteElo "2262"]
[BlackElo "1945"]
[PlyCount "47"]
[EventDate "2015.08.??"]
[EventType "team-swiss"]
[WhiteClock "0:27:40"]
[BlackClock "0:15:17"]

1. e4 c5 2. Nf3 Nc6 3. Bb5 e6 4. O-O Nge7 5. d4 cxd4 6. Nxd4 Nxd4 7. Qxd4 a6 8.
Be2 Nc6 9. Qc3 b5 10. a4 b4 11. Qg3 Bb7 12. Be3 Be7 13. Nd2 O-O 14. Nc4 d5 15.
Rad1 Bh4 16. Qh3 d4 17. e5 Be7 18. c3 bxc3 19. bxc3 Bc5 20. cxd4 Bb4 21. Bd3 g6
22. Qh6 Na5 23. Bg5 Qd5 24. Ne3 1-0

[Event "Team Russia"]
[Site "Petergof"]
[Date "2015.08.05"]
[Round "5.9"]
[White "Alekseenko, Kirill"]
[Black "Gurvich, Vitaly"]
[Result "1-0"]
[WhiteElo "2540"]
[BlackElo "2331"]
[PlyCount "135"]
[EventDate "2015.08.??"]
[EventType "team-swiss"]
[WhiteClock "0:03:18"]
[BlackClock "0:00:46"]

1. e4 c5 2. Nf3 d6 3. d4 cxd4 4. Nxd4 Nf6 5. Nc3 a6 6. h3 e5 7. Nde2 Be7 8. g4
O-O 9. Ng3 g6 10. a4 Nc6 11. Bg2 Be6 12. O-O Nd7 13. Nd5 Re8 14. Nxe7+ Qxe7 15.
Be3 Nc5 16. a5 f6 17. Qd2 Bf7 18. f4 exf4 19. Bxf4 Ne5 20. b3 Rad8 21. Rf2 Be6
22. Raf1 Rc8 23. Bh6 Nf7 24. Be3 Nd7 25. Bd4 Nfe5 26. Ne2 Rf8 27. Bb2 Bf7 28.
Ba3 Rc6 29. c4 Rd8 30. Nc3 Be6 31. Na4 Nc5 32. Nxc5 dxc5 33. Qc2 Bf7 34. Rd2 g5
35. Bb2 Rxd2 36. Qxd2 Bg6 37. Rd1 Rc7 38. Qf2 Kg7 39. Ba3 Bf7 40. Rf1 Bg6 41.
Qe3 Qd6 42. Rf2 Qe7 43. Rd2 Bf7 44. Bb2 Be6 45. Ba3 Bf7 46. Bb2 Be6 47. Rd1 Bf7
48. Bc3 Be6 49. Rd2 Bf7 50. Rd1 Be6 51. Kh1 Bf7 52. Be1 h5 53. gxh5 Bxh5 54.
Rd2 Bf7 55. h4 Rd7 56. hxg5 fxg5 57. Rxd7 Nxd7 58. Bc3+ Kg6 59. e5 Be6 60. Kg1
Bf5 61. Bxb7 Nf6 62. Bxa6 Ne4 63. Bc8 Nxc3 64. Bxf5+ Kxf5 65. Qxc3 Qd7 66. a6
Ke4 67. e6 Qd6 68. a7 {Kd5} 1-0

[Event "Team Russia"]
[Site "Petergof"]
[Date "2015.08.05"]
[Round "5.10"]
[White "Mikhailovsky, Vladimir"]
[Black "Lobanov, Sergei"]
[Result "0-1"]
[WhiteElo "2231"]
[BlackElo "2377"]
[PlyCount "156"]
[EventDate "2015.08.??"]
[EventType "team-swiss"]
[WhiteClock "0:01:47"]
[BlackClock "0:06:25"]

1. e4 c5 2. Nf3 d6 3. Bb5+ Bd7 4. Bxd7+ Qxd7 5. c4 Nf6 6. Nc3 g6 7. d4 cxd4 8.
Nxd4 Bg7 9. f3 O-O 10. Be3 Nc6 11. O-O Rfc8 12. b3 a6 13. a4 Qd8 14. Qd2 Nd7
15. Nde2 Rab8 16. Rab1 Na5 17. Nd5 e6 18. Nb6 Nxb6 19. Qxa5 Nd7 20. Qd2 Ne5 21.
a5 Qe7 22. Rbd1 Rd8 23. Bb6 Rd7 24. Nc3 g5 25. Ne2 Qf6 26. Ng3 Qg6 27. Qf2 Kh8
28. Rd2 f5 29. exf5 exf5 30. Rfd1 Re8 31. Rd5 f4 32. Ne4 g4 33. Rxd6 Rxd6 34.
Rxd6 Qh5 35. fxg4 Qxg4 36. h3 Qf5 37. Nd2 f3 38. Bd4 Qc2 39. Nxf3 Qc1+ 40. Kh2
Qf4+ 41. Kh1 Nxf3 42. Bxg7+ Kg8 43. gxf3 Qxd6 44. Bd4 Qg6 45. f4 Kf7 46. Qf3
Qe4 47. Qxe4 Rxe4 48. Bf2 Rxf4 49. Kg2 Ke6 50. Be3 Rf7 51. b4 Ke5 52. Bb6 Rd7
53. b5 Rd3 54. bxa6 bxa6 55. c5 Rc3 56. Bc7+ Ke4 57. Bb6 h5 58. h4 Rc2+ 59. Kg3
Kf5 60. Kf3 Rc4 61. Kg3 Rc3+ 62. Kf2 Ke4 63. Ke2 Rc2+ 64. Ke1 Kd3 65. Ba7 Rc4
66. Bb6 Rxh4 67. c6 Rc4 68. c7 Rc2 69. Kf1 h4 70. Kg1 Ke4 71. Kh1 Kf3 72. Kg1
h3 73. Kh1 Kg3 74. Bg1 h2 75. Be3 Rxc7 76. Bd2 Rf7 77. Be1+ Kh3 78. Bf2 Rf5 0-1

[Event "Team Russia"]
[Site "Petergof"]
[Date "2015.08.05"]
[Round "5.11"]
[White "Pershin, Denis"]
[Black "Aleksandrovskiy, Dmitriy"]
[Result "1-0"]
[WhiteElo "2278"]
[BlackElo "2207"]
[PlyCount "93"]
[EventDate "2015.08.??"]
[EventType "team-swiss"]
[WhiteClock "0:15:07"]
[BlackClock "0:02:29"]

1. e4 c5 2. Nf3 Nc6 3. d4 cxd4 4. Nxd4 a6 5. Nc3 e6 6. Be2 Qc7 7. O-O Nf6 8.
Be3 Bb4 9. Nxc6 bxc6 10. Qd4 Rb8 11. e5 Bxc3 12. bxc3 Nd5 13. Qg4 Rg8 14. Qh5
h6 15. c4 Nxe3 16. fxe3 g6 17. Qf3 Rf8 18. Qf4 Qa5 19. Bd3 Qc5 20. Rf3 g5 21.
Qf6 d6 22. exd6 Qxd6 23. Raf1 g4 24. Rf4 Qe7 25. Qe5 Rb7 26. Rxg4 f6 27. Bg6+
Kd8 28. Rd4+ Bd7 29. Qa5+ Kc8 30. Qxa6 Kb8 31. Be4 Qc5 32. Qa4 f5 33. Bf3 e5
34. Rdd1 e4 35. Bh5 f4 36. Kh1 Rf6 37. Be2 Qxe3 38. Qa5 Rf7 39. Bh5 Rf5 40.
Qd8+ Bc8 41. Bg4 f3 42. Bxf5 fxg2+ 43. Kxg2 Rg7+ 44. Kh1 Rg1+ 45. Rxg1 Qf3+ 46.
Rg2 Qxd1+ 47. Qxd1 1-0

[Event "Team Russia"]
[Site "Petergof"]
[Date "2015.08.05"]
[Round "5.12"]
[White "Kruglikova, Viktorija"]
[Black "Kiseleva, Arina"]
[Result "0-1"]
[WhiteElo "1944"]
[BlackElo "2038"]
[PlyCount "152"]
[EventDate "2015.08.??"]
[EventType "team-swiss"]
[WhiteClock "0:10:51"]
[BlackClock "0:01:24"]

1. e4 d6 2. d4 g6 3. c4 Bg7 4. Nc3 Nf6 5. Be2 Nbd7 6. Nf3 O-O 7. O-O e5 8. Bg5
h6 9. Bh4 exd4 10. Nxd4 Nc5 11. f3 Ne6 12. Bf2 Nh5 13. Qd2 Nef4 14. Be3 Be5 15.
Rfd1 Nxg2 16. Bf1 Nxe3 17. Qxe3 Qh4 18. Qf2 Qg5+ 19. Kh1 c6 20. Nc2 Nf4 21. Nb4
Be6 22. Nd3 Bxc4 23. Nxe5 Bxf1 24. Qxf1 Qxe5 25. Qc4 Qh5 26. Rf1 Rad8 27. Rad1
d5 28. exd5 Nxd5 29. Ne4 Qe5 30. Qb3 Nb6 31. Rde1 Rfe8 32. Rg1 Kg7 33. Ng5 Qd5
34. Qc3+ f6 35. Ne4 Qe5 36. Qa3 Qb8 37. Qb3 Re5 38. Rc1 Rde8 39. Rc2 Qc7 40.
Rcg2 g5 41. Rd2 Nd5 42. Nc5 b6 43. Ne4 Qe7 44. Ng3 Nf4 45. Qc2 Qe6 46. Ne4 f5
47. Rd6 Qf7 48. Ng3 c5 49. Qd2 Rd5 50. Qc3+ Rde5 51. Rgd1 R8e7 52. Re1 Ng6 53.
Nh5+ Kh7 54. Red1 Nf8 55. Nf6+ Kh8 56. Nd5 R7e6 57. Re1 Qg7 58. Rxe6 Rxe6 59.
Rd1 Qxc3 60. Nxc3 Re7 61. Rd5 f4 62. Ne4 Rd7 63. Rf5 Ne6 64. Rf6 Nd4 65. Kg2
Kg7 66. h4 Rd5 67. h5 Nf5 68. Kh3 Nh4 69. Rc6 Rd3 70. Rc7+ Kf8 71. Nxg5 hxg5
72. h6 Kg8 73. Kg4 Nxf3 74. Rxa7 Ne5+ 75. Kf5 Nc6 76. Kxg5 Nxa7 {0} 0-1

[Event "Team Russia"]
[Site "Petergof"]
[Date "2015.08.05"]
[Round "5.13"]
[White "Savenkov, Konstantin"]
[Black "Drygalov, Andrey"]
[Result "0-1"]
[WhiteElo "2296"]
[BlackElo "2309"]
[PlyCount "72"]
[EventDate "2015.08.??"]
[EventType "team-swiss"]

1. e4 c5 2. Nf3 e6 3. d4 cxd4 4. Nxd4 Nc6 5. Nxc6 bxc6 6. c4 Nf6 7. Nc3 Qc7 8.
Be3 Bb4 9. Bd3 O-O 10. O-O Be7 11. f4 d6 12. Qf3 e5 13. f5 Bb7 14. Rad1 Rfd8
15. Bb1 Ba6 16. b3 Qa5 17. Bd2 Qb6+ 18. Be3 Qa5 19. Bg5 Qc7 20. Rd2 h6 21. Be3
Qa5 22. Rc1 d5 23. exd5 Ba3 24. Rcc2 Bb4 25. Ne4 Nxe4 26. Qxe4 Bxd2 27. Bxd2
Qc5+ 28. Be3 cxd5 29. Qxe5 Qc6 30. Rd2 Re8 31. Qg3 Rad8 32. Bd4 f6 33. c5 Qb5
34. Bd3 Qb4 35. Bxf6 Qxc5+ 36. Rf2 Re1+ 0-1

[Event "Team Russia"]
[Site "Petergof"]
[Date "2015.08.05"]
[Round "5.14"]
[White "Drygalov, Sergey"]
[Black "Yeletsky, Ivan"]
[Result "1/2-1/2"]
[WhiteElo "2362"]
[BlackElo "2338"]
[PlyCount "86"]
[EventDate "2015.08.??"]
[EventType "team-swiss"]

1. d4 Nf6 2. c4 g6 3. Nf3 Bg7 4. g3 d5 5. Bg2 dxc4 6. Na3 c3 7. bxc3 c5 8. O-O
O-O 9. e3 Nc6 10. Bb2 Bf5 11. Qe2 Qb6 12. Rfd1 Be4 13. Nc4 Qa6 14. Bf1 cxd4 15.
cxd4 Nb4 16. Nfe5 Rfd8 17. f3 Bc6 18. a3 Nbd5 19. e4 Nb6 20. Nxc6 bxc6 21. Rac1
Nfd7 22. Qc2 c5 23. dxc5 Nxc4 24. Bxc4 Qa5 25. Bxg7 Kxg7 26. Be2 Qxa3 27. c6
Nb6 28. c7 Rxd1+ 29. Rxd1 Rc8 30. Rd8 Qe3+ 31. Kf1 a5 32. Rxc8 Nxc8 33. Ba6
Qxf3+ 34. Kg1 Nd6 35. c8=Q Nxc8 36. Bxc8 a4 37. Ba6 a3 38. Bc4 f6 39. Ba2 h5
40. Bd5 h4 41. gxh4 Qg4+ 42. Kf1 Qf3+ 43. Kg1 Qg4+ 1/2-1/2

[Event "Team Russia"]
[Site "Petergof"]
[Date "2015.08.05"]
[Round "5.15"]
[White "Smirnov, Timofey"]
[Black "Salemgareev, Tagir"]
[Result "1-0"]
[WhiteElo "2297"]
[BlackElo "2050"]
[PlyCount "97"]
[EventDate "2015.08.??"]
[EventType "team-swiss"]

1. e4 c5 2. Nf3 e6 3. d4 cxd4 4. Nxd4 Nc6 5. Nc3 Qc7 6. Be3 a6 7. Qd2 Nf6 8. f3
Bb4 9. O-O-O Na5 10. a3 Bxc3 11. Qxc3 Qxc3 12. bxc3 d5 13. Bd3 b5 14. Bg5 Bb7
15. Rhe1 O-O 16. Nb3 Nxb3+ 17. cxb3 Nd7 18. Kb2 Nc5 19. Bc2 Rac8 20. exd5 Bxd5
21. Rd4 f6 22. Be3 Rf7 23. Red1 g6 24. R1d2 Rb7 25. h4 a5 26. h5 a4 27. b4 Nb3
28. Bxb3 axb3 29. hxg6 hxg6 30. Rxd5 exd5 31. Rxd5 Re8 32. Bd4 Re2+ 33. Kxb3
Rxg2 34. Bxf6 Rf2 35. Bd4 Rxf3 36. a4 bxa4+ 37. Kxa4 Kf7 38. b5 Rf5 39. Rxf5+
gxf5 40. b6 Ke6 41. Kb5 Rd7 42. Kc6 f4 43. Bc5 f3 44. c4 Rd2 45. b7 Rb2 46. Kc7
Ke5 47. b8=Q Rxb8 48. Kxb8 Ke4 49. Bg1 1-0

[Event "Team Russia"]
[Site "Petergof"]
[Date "2015.08.05"]
[Round "5.16"]
[White "Alekseeva, Irina"]
[Black "Borisova, Ekaterina"]
[Result "1-0"]
[WhiteElo "2141"]
[BlackElo "2004"]
[PlyCount "107"]
[EventDate "2015.08.??"]
[EventType "team-swiss"]

1. e4 c5 2. Nf3 d6 3. d4 Nf6 4. Nc3 cxd4 5. Nxd4 Nc6 6. Bg5 Qa5 7. Bxf6 gxf6 8.
Nb3 Qg5 9. Nd5 Rb8 10. f4 Qg6 11. Qf3 f5 12. e5 Bh6 13. Bb5 Bd7 14. O-O a6 15.
Nc7+ Kd8 16. Nxa6 Rc8 17. Nb4 Nxb4 18. Bxd7 Rc7 19. c3 Nc2 20. Rac1 Kxd7 21.
Rxc2 dxe5 22. fxe5 Qb6+ 23. Kh1 e6 24. Qh5 Be3 25. Qxf7+ Kc8 26. Qh5 Rg8 27.
Qf3 Rc4 28. g3 Rcg4 29. c4 f4 30. c5 Qc7 31. c6 b6 32. Rd1 h5 33. Qe2 Kb8 34.
Rd7 Qxe5 35. c7+ Kc8 36. Rd8+ Rxd8 37. Qa6+ Kd7 38. cxd8=Q+ Kxd8 39. Qc8+ Ke7
40. Rc7+ Kf6 41. Qf8+ Kg6 42. Qg8+ Kf5 43. Qh7+ Rg6 44. Rf7+ Kg5 45. h4+ Kg4
46. Qxg6+ Kh3 47. Qd3 Qxb2 48. Qf1+ Kxg3 49. Rg7+ Kxh4 50. Rg2 Qc3 51. Qe2 f3
52. Qxf3 Qe1+ 53. Kh2 Bg5 54. Qh3# 1-0

[Event "Team Russia"]
[Site "Petergof"]
[Date "2015.08.05"]
[Round "5.17"]
[White "Ermolaev, Evgeny"]
[Black "Triapishko, Olexandr"]
[Result "0-1"]
[WhiteElo "2296"]
[BlackElo "2459"]
[PlyCount "86"]
[EventDate "2015.08.??"]
[EventType "team-swiss"]

1. e4 c5 2. Nf3 e6 3. d4 cxd4 4. Nxd4 Nc6 5. Nc3 d6 6. Be3 Nf6 7. f3 Be7 8. Qd2
O-O 9. g4 d5 10. g5 Nh5 11. exd5 Nxd4 12. Qxd4 Bxg5 13. O-O-O exd5 14. f4 Bf6
15. Qxd5 Bg4 16. Qxd8 Raxd8 17. Rxd8 Rxd8 18. Bg2 Bxc3 19. bxc3 Re8 20. Bd2 b6
21. Rg1 Be6 22. Kb2 Nf6 23. Be3 Bd5 24. Bd4 Bxg2 25. Rxg2 Nh5 26. f5 f6 27. Rg4
Kf7 28. Rh4 g6 29. c4 Rc8 30. Kb3 Ng7 31. Rxh7 gxf5 32. Be3 Kg6 33. Rh6+ Kf7
34. Rh7 Re8 35. Bh6 Kg6 36. Rxg7+ Kxh6 37. Rg2 f4 38. Kc3 Kh5 39. Kd4 Re5 40.
h3 Re3 41. Rg4 Rxh3 42. Rxf4 Rh4 43. Rxh4+ Kxh4 0-1

[Event "Team Russia"]
[Site "Petergof"]
[Date "2015.08.05"]
[Round "5.18"]
[White "Neznanov, Aleksandr"]
[Black "Shilyaev, Fedor"]
[Result "1/2-1/2"]
[WhiteElo "2058"]
[BlackElo "2148"]
[PlyCount "82"]
[EventDate "2015.08.??"]
[EventType "team-swiss"]

1. d4 Nf6 2. Nf3 g6 3. Bf4 Bg7 4. e3 d6 5. Be2 Nbd7 6. h3 c5 7. Bh2 O-O 8. O-O
b6 9. c4 Bb7 10. Nc3 a6 11. Qc2 cxd4 12. Nxd4 Rc8 13. Rac1 e5 14. Nf3 Qe7 15.
Rfd1 Nc5 16. Qd2 Nce4 17. Nxe4 Nxe4 18. Qb4 Qc7 19. Nd2 Nc5 20. Nb3 Rfd8 21.
Nxc5 dxc5 22. Qb3 f5 23. Rxd8+ Rxd8 24. Rd1 Rd6 25. Rxd6 Qxd6 26. Qd3 Qxd3 27.
Bxd3 Kf7 28. b3 Ke6 29. f3 e4 30. fxe4 fxe4 31. Be2 Be5 32. Bg4+ Kf6 33. Bxe5+
Kxe5 34. Kf2 Bc6 35. Bc8 a5 36. a4 g5 37. Kg3 h6 38. Kg4 Kf6 39. Kh5 Kg7 40. h4
Be8+ 41. Kg4 Kf6 1/2-1/2

[Event "Team Russia"]
[Site "Petergof"]
[Date "2015.08.05"]
[Round "5.19"]
[White "Russkikh, Nikita"]
[Black "Shemyakin, Valeriy"]
[Result "0-1"]
[WhiteElo "2060"]
[BlackElo "2091"]
[PlyCount "80"]
[EventDate "2015.08.??"]
[EventType "team-swiss"]

1. c4 b6 2. Nc3 Bb7 3. e4 e6 4. d4 Bb4 5. Bd3 f5 6. Qe2 Nf6 7. f3 fxe4 8. fxe4
Bxc3+ 9. bxc3 Nxe4 10. Qg4 Nf6 11. Qg3 O-O 12. Nf3 Be4 13. Bxe4 Nxe4 14. Qg4
Nf6 15. Qg3 Nc6 16. O-O Na5 17. Ng5 c5 18. Qd3 Qe7 19. Bf4 h6 20. Nf3 Nh5 21.
Bd2 Nf4 22. Bxf4 Rxf4 23. Ne5 Rxf1+ 24. Rxf1 cxd4 25. Rf7 Qg5 26. cxd4 Nc6 27.
Nxc6 dxc6 28. Rf1 Rf8 29. Re1 Qf6 30. Qe3 Kh8 31. h3 Rd8 32. Qxe6 Rxd4 33. Qe2
Qf4 34. Rf1 Qe4 35. Rf8+ Kh7 36. Qf1 Rxc4 37. Rf7 Qe3+ 38. Kh2 Qe5+ 39. Kh1 Re4
40. Qb1 Kg8 0-1